Score 0/15 Timer 04:00
4 Plays Today
Question Answer % Correct
Which wedding anniversary is called the 'Silver Anniversary'?25th
85.8%
In which Romance language does silver translate to 'argento'?Italian
80.9%
In folklore, a silver bullet is the only useful weapon for what lycanthropic creature?werewolf
80.7%
According to the Gospel of Matthew, who was betrayed for thirty pieces of silver?Jesus
77.3%
The Silver Surfer first appeared in 1966 opposite what superhero team?Fantastic Four
74.4%
Which western US state is nicknamed the Silver State?Nevada
71.9%
What chemical element is commonly known as quicksilver?Mercury
70.8%
The Silver Slugger Award is given to the best offensive players in what sports league?MLB
60.4%
Question Answer % Correct
Actress Alicia Silverstone rose to fame after starring in what 1995 comedy film?Clueless
58%
Released for Game Boy Color in 1999, Silver Version was an installment in what game series?Pokémon
54.2%
What reptile was the mascot for the silver team on 'Legends of the Hidden Temple'?snake
44%
Which 'Harry Potter' character was given a silver hand to replace his own?Peter Pettigrew
37.8%
In what World War II theater is British war film 'The Silver Fleet' set?European Theater
28.8%
What comedian and actor first performed the Christmas tune 'Silver Bells' in 1950?Bob Hope
27.6%
What psychedelic rock band released the album 'Long John Silver' in 1972?Jefferson Airplane
10.7%
Remove Ads.
Support Sporcle.
Get the best of Sporcle when you Go Orange. This ad-free experience offers more features, more stats, and more fun while also helping to support Sporcle. Thank you for becoming a member.

You're not logged in!

Compare scores with friends on all Sporcle quizzes.
OR
Log In

Show Comments

Extras

Top Quizzes Today


Score Distribution

Your Account Isn't Verified!

In order to create a playlist on Sporcle, you need to verify the email address you used during registration. Go to your Sporcle Settings to finish the process.

Report this User

Report this user for behavior that violates our Community Guidelines.

Details: